[Event "DEM U8 2025"]
[Site "Willingen GER"]
[Date "2025.06.13"]
[Round "5"]
[White "Ju, Eric Zirui"]
[Black "Subenko, Alexander"]
[Result "1-0"]
[Termination "normal"]
[Board "1"]
[WhiteElo "1563"]
[BlackElo "1714"]
[WhiteClock "00:21:52"]
[BlackClock "00:02:13"]
[PlyCount "74"]
[WhiteFideId "533011192"]
[BlackFideId "533017077"]
[EventCountry "GER"]
[EventRounds "7"]
[EventType "swiss"]
[EventDate "2025.06.10"]

1. e4 {[%clk 01:00:29]} {[%emt 16:21:48]} d5 {[%clk 01:00:12]} {[%emt
00:00:20]} 2. exd5 {[%clk 00:59:52]} {[%emt 00:00:51]} Qxd5 {[%clk 00:59:46]}
{[%emt 00:00:40]} 3. d4 {[%clk 00:59:42]} {[%emt 00:00:25]} Nc6 {[%clk
00:59:28]} {[%emt 00:00:33]} 4. Be3 {[%clk 00:58:56]} {[%emt 00:01:01]} e6
{[%clk 00:57:40]} {[%emt 00:02:04]} 5. Nf3 {[%clk 00:58:24]} {[%emt 00:00:47]}
Nf6 {[%clk 00:57:36]} {[%emt 00:00:19]} 6. Nbd2 {[%clk 00:57:37]} {[%emt
00:01:03]} Be7 {[%clk 00:54:08]} {[%emt 00:03:42]} 7. Bc4 {[%clk 00:57:14]}
{[%emt 00:00:38]} Qd8 {[%clk 00:54:09]} {[%emt 00:00:14]} 8. O-O {[%clk
00:56:51]} {[%emt 00:00:38]} O-O {[%clk 00:53:29]} {[%emt 00:00:55]} 9. c3
{[%clk 00:56:28]} {[%emt 00:00:38]} b6 {[%clk 00:51:15]} {[%emt 00:02:29]} 10.
Qa4 {[%clk 00:51:49]} {[%emt 00:04:54]} Bb7 {[%clk 00:50:10]} {[%emt 00:01:20]}
11. Ba6 {[%clk 00:50:39]} {[%emt 00:01:26]} Qc8 {[%clk 00:47:55]} {[%emt
00:02:30]} 12. Bxb7 {[%clk 00:47:47]} {[%emt 00:03:05]} Qxb7 {[%clk 00:47:53]}
{[%emt 00:00:18]} 13. h3 {[%clk 00:43:05]} {[%emt 00:04:57]} Bd6 {[%clk
00:47:39]} {[%emt 00:00:29]} 14. Qc2 {[%clk 00:41:18]} {[%emt 00:02:01]} e5
{[%clk 00:47:06]} {[%emt 00:00:49]} 15. Nc4 {[%clk 00:38:39]} {[%emt 00:02:54]}
b5 {[%clk 00:46:22]} {[%emt 00:00:59]} 16. dxe5 {[%clk 00:38:09]} {[%emt
00:00:45]} bxc4 {[%clk 00:46:15]} {[%emt 00:00:22]} 17. exf6 {[%clk 00:38:15]}
{[%emt 00:00:09]} gxf6 {[%clk 00:46:15]} {[%emt 00:00:15]} 18. Bh6 {[%clk
00:37:59]} {[%emt 00:00:31]} Rfe8 {[%clk 00:42:53]} {[%emt 00:03:37]} 19. Qf5
{[%clk 00:37:32]} {[%emt 00:00:41]} Bf8 {[%clk 00:41:46]} {[%emt 00:01:22]} 20.
Qxf6 {[%clk 00:37:14]} {[%emt 00:00:34]} Re6 {[%clk 00:40:41]} {[%emt
00:01:20]} 21. Qf5 {[%clk 00:36:25]} {[%emt 00:01:02]} Bxh6 {[%clk 00:39:40]}
{[%emt 00:01:18]} 22. Rad1 {[%clk 00:35:49]} {[%emt 00:00:51]} Ne7 {[%clk
00:38:00]} {[%emt 00:01:55]} 23. Qh5 {[%clk 00:34:30]} {[%emt 00:01:32]} Rf8
{[%clk 00:31:59]} {[%emt 00:06:18]} 24. Rfe1 {[%clk 00:34:09]} {[%emt
00:00:37]} Qb6 {[%clk 00:27:01]} {[%emt 00:04:44]} 25. Ne5 {[%clk 00:31:12]}
{[%emt 00:03:41]} Qa6 {[%clk 00:23:23]} {[%emt 00:03:53]} 26. Nd7 {[%clk
00:30:36]} {[%emt 00:00:50]} Rxe1+ {[%clk 00:19:05]} {[%emt 00:04:33]} 27. Rxe1
{[%clk 00:30:35]} {[%emt 00:00:16]} Re8 {[%clk 00:18:59]} {[%emt 00:00:21]} 28.
Qh4 {[%clk 00:29:24]} {[%emt 00:01:26]} Bg7 {[%clk 00:08:47]} {[%emt 00:10:27]}
29. Rxe7 {[%clk 00:29:13]} {[%emt 00:00:27]} Rd8 {[%clk 00:06:38]} {[%emt
00:02:23]} 30. Qf4 {[%clk 00:26:48]} {[%emt 00:02:40]} Qg6 {[%clk 00:03:30]}
{[%emt 00:03:23]} 31. Qxc7 {[%clk 00:25:34]} {[%emt 00:01:29]} Ra8 {[%clk
00:03:17]} {[%emt 00:00:29]} 32. Qxc4 {[%clk 00:24:05]} {[%emt 00:01:43]} Bf8
{[%clk 00:01:48]} {[%emt 00:01:45]} 33. Re4 {[%clk 00:23:27]} {[%emt 00:00:53]}
Kh8 {[%clk 00:01:53]} {[%emt 00:00:11]} 34. Rg4 {[%clk 00:22:48]} {[%emt
00:00:53]} Qb1+ {[%clk 00:02:07]} {[%emt 00:00:01]} 35. Kh2 {[%clk 00:22:46]}
{[%emt 00:00:18]} Bd6+ {[%clk 00:02:16]} {[%emt 00:00:05]} 36. g3 {[%clk
00:21:57]} {[%emt 00:01:03]} Qe1 {[%clk 00:02:13]} {[%emt 00:00:18]} 37. Qd4+
{[%clk 00:21:52]} f6 {[%clk 00:02:19]} {[%emt 00:00:30]} 38. Qxf6# {[%clk
00:21:58]} 1-0

[Event "DEM U8 2025"]
[Site "Willingen GER"]
[Date "2025.06.13"]
[Round "5"]
[White "Zargaran, Paya"]
[Black "Kovacs, David"]
[Result "1-0"]
[Termination "normal"]
[Board "2"]
[WhiteElo "1519"]
[BlackElo "1358"]
[WhiteClock "00:44:20"]
[BlackClock "00:31:54"]
[PlyCount "51"]
[WhiteFideId "34681736"]
[BlackFideId "533004005"]
[EventCountry "GER"]
[EventRounds "7"]
[EventType "swiss"]
[EventDate "2025.06.10"]

1. e4 {[%clk 01:00:26]} {[%emt 00:00:04]} e5 {[%clk 01:00:26]} {[%emt
00:00:05]} 2. Nf3 {[%clk 01:00:33]} {[%emt 00:00:07]} Nc6 {[%clk 01:00:35]}
{[%emt 00:00:06]} 3. Nc3 {[%clk 01:00:33]} {[%emt 00:00:16]} Nf6 {[%clk
01:00:42]} {[%emt 00:00:07]} 4. d4 {[%clk 01:00:38]} {[%emt 00:00:10]} exd4
{[%clk 01:00:52]} {[%emt 00:00:05]} 5. Nxd4 {[%clk 01:00:44]} {[%emt 00:00:09]}
d6 {[%clk 01:00:01]} {[%emt 00:01:06]} 6. Bb5 {[%clk 01:00:16]} {[%emt
00:00:42]} Bd7 {[%clk 00:59:52]} {[%emt 00:00:25]} 7. O-O {[%clk 01:00:11]}
{[%emt 00:00:20]} Be7 {[%clk 00:59:13]} {[%emt 00:00:55]} 8. Be3 {[%clk
00:58:57]} {[%emt 00:01:25]} O-O {[%clk 00:57:42]} {[%emt 00:01:49]} 9. Qd3
{[%clk 00:57:55]} {[%emt 00:01:14]} a6 {[%clk 00:57:05]} {[%emt 00:00:56]} 10.
Nxc6 {[%clk 00:57:37]} {[%emt 00:00:32]} Bxc6 {[%clk 00:56:20]} {[%emt
00:01:00]} 11. Bxc6 {[%clk 00:57:34]} {[%emt 00:00:18]} bxc6 {[%clk 00:56:28]}
{[%emt 00:00:08]} 12. Rad1 {[%clk 00:56:12]} {[%emt 00:01:29]} Re8 {[%clk
00:54:50]} {[%emt 00:02:00]} 13. Qc4 {[%clk 00:55:50]} {[%emt 00:00:33]} Rb8
{[%clk 00:52:48]} {[%emt 00:02:22]} 14. b3 {[%clk 00:55:13]} {[%emt 00:00:51]}
Ng4 {[%clk 00:48:22]} {[%emt 00:04:40]} 15. h3 {[%clk 00:54:23]} {[%emt
00:01:05]} Nxe3 {[%clk 00:48:20]} {[%emt 00:00:18]} 16. fxe3 {[%clk 00:54:09]}
{[%emt 00:00:28]} Bf6 {[%clk 00:48:07]} {[%emt 00:00:30]} 17. Qxc6 {[%clk
00:53:07]} {[%emt 00:01:17]} Bxc3 {[%clk 00:47:01]} {[%emt 00:01:21]} 18. Qxc3
{[%clk 00:53:12]} {[%emt 00:00:09]} Rxe4 {[%clk 00:47:00]} {[%emt 00:00:16]}
19. Qd3 {[%clk 00:51:34]} {[%emt 00:01:51]} Qe8 {[%clk 00:46:34]} {[%emt
00:00:43]} 20. Rf3 {[%clk 00:50:47]} {[%emt 00:00:59]} Rb6 {[%clk 00:45:03]}
{[%emt 00:01:50]} 21. Rdf1 {[%clk 00:50:16]} {[%emt 00:00:45]} f6 {[%clk
00:43:22]} {[%emt 00:01:57]} 22. Rg3 {[%clk 00:47:09]} {[%emt 00:03:21]} Qe5
{[%clk 00:41:46]} {[%emt 00:01:51]} 23. Rxf6 {[%clk 00:45:51]} {[%emt
00:01:34]} Rxe3 {[%clk 00:38:37]} {[%emt 00:03:24]} 24. Rxe3 {[%clk 00:44:37]}
{[%emt 00:01:28]} Qxf6 {[%clk 00:34:29]} {[%emt 00:04:23]} 25. Qd5+ {[%clk
00:44:22]} {[%emt 00:00:26]} Kf8 {[%clk 00:31:54]} {[%emt 00:02:55]} 26. Rf3
{[%clk 00:44:20]} {[%emt 00:00:17]} 1-0

[Event "DEM U8 2025"]
[Site "Willingen GER"]
[Date "2025.06.13"]
[Round "5"]
[White "Liu, Yining"]
[Black "Derr, Georg"]
[Result "1-0"]
[Termination "normal"]
[Board "3"]
[WhiteElo "1677"]
[BlackElo "1586"]
[WhiteClock "00:29:19"]
[BlackClock "00:49:02"]
[PlyCount "99"]
[WhiteFideId "8655049"]
[BlackFideId "533010501"]
[EventCountry "GER"]
[EventRounds "7"]
[EventType "swiss"]
[EventDate "2025.06.10"]

1. e4 {[%clk 01:00:27]} {[%emt 00:00:04]} e5 {[%clk 01:00:23]} {[%emt
00:00:07]} 2. Nf3 {[%clk 01:00:36]} {[%emt 00:00:06]} Nc6 {[%clk 01:00:29]}
{[%emt 00:00:09]} 3. Bc4 {[%clk 01:00:40]} {[%emt 00:00:11]} Bc5 {[%clk
01:00:34]} {[%emt 00:00:09]} 4. c3 {[%clk 01:00:43]} {[%emt 00:00:13]} Nf6
{[%clk 01:00:39]} {[%emt 00:00:11]} 5. d4 {[%clk 01:00:46]} {[%emt 00:00:11]}
exd4 {[%clk 01:00:47]} {[%emt 00:00:07]} 6. cxd4 {[%clk 01:00:54]} {[%emt
00:00:07]} Bb4+ {[%clk 01:00:51]} {[%emt 00:00:11]} 7. Bd2 {[%clk 01:01:02]}
{[%emt 00:00:06]} Nxe4 {[%clk 01:00:36]} {[%emt 00:00:30]} 8. Bxb4 {[%clk
01:01:06]} {[%emt 00:00:13]} Nxb4 {[%clk 01:00:44]} {[%emt 00:00:07]} 9. Bxf7+
{[%clk 01:01:09]} {[%emt 00:00:11]} Kxf7 {[%clk 01:00:35]} {[%emt 00:00:23]}
10. Qb3+ {[%clk 01:01:19]} {[%emt 00:00:06]} Kf8 {[%clk 01:00:30]} {[%emt
00:00:13]} 11. Qxb4+ {[%clk 01:01:02]} {[%emt 00:00:39]} Qe7 {[%clk 01:00:18]}
{[%emt 00:00:23]} 12. Qxe7+ {[%clk 01:00:29]} {[%emt 00:00:51]} Kxe7 {[%clk
01:00:22]} {[%emt 00:00:12]} 13. O-O {[%clk 01:00:07]} {[%emt 00:00:36]} Kd8
{[%clk 01:00:25]} {[%emt 00:00:13]} 14. Re1 {[%clk 00:59:20]} {[%emt 00:01:02]}
Nf6 {[%clk 01:00:22]} {[%emt 00:00:15]} 15. Ne5 {[%clk 00:58:07]} {[%emt
00:01:30]} Rf8 {[%clk 01:00:10]} {[%emt 00:00:21]} 16. Nc3 {[%clk 00:57:36]}
{[%emt 00:00:53]} d6 {[%clk 01:00:04]} {[%emt 00:00:17]} 17. Nd3 {[%clk
00:56:50]} {[%emt 00:01:04]} Bf5 {[%clk 00:59:39]} {[%emt 00:00:30]} 18. Nf4
{[%clk 00:56:23]} {[%emt 00:00:53]} Kd7 {[%clk 00:59:11]} {[%emt 00:00:38]} 19.
Ncd5 {[%clk 00:53:44]} {[%emt 00:02:58]} Nxd5 {[%clk 00:57:59]} {[%emt
00:01:27]} 20. Nxd5 {[%clk 00:53:56]} {[%emt 00:00:05]} Rae8 {[%clk 00:57:51]}
{[%emt 00:00:15]} 21. f3 {[%clk 00:51:32]} {[%emt 00:02:46]} c6 {[%clk
00:57:41]} {[%emt 00:00:21]} 22. Nc3 {[%clk 00:49:59]} {[%emt 00:01:52]} d5
{[%clk 00:57:14]} {[%emt 00:00:41]} 23. b4 {[%clk 00:45:35]} {[%emt 00:04:41]}
a6 {[%clk 00:57:11]} {[%emt 00:00:18]} 24. a4 {[%clk 00:45:38]} {[%emt
00:00:11]} Re6 {[%clk 00:56:31]} {[%emt 00:00:54]} 25. a5 {[%clk 00:44:22]}
{[%emt 00:01:33]} Rfe8 {[%clk 00:56:23]} {[%emt 00:00:20]} 26. Rxe6 {[%clk
00:41:58]} {[%emt 00:02:41]} Rxe6 {[%clk 00:56:29]} {[%emt 00:00:08]} 27. Kf2
{[%clk 00:42:09]} {[%emt 00:00:05]} Kd6 {[%clk 00:56:18]} {[%emt 00:00:23]} 28.
Na4 {[%clk 00:40:48]} {[%emt 00:01:39]} Bg6 {[%clk 00:55:39]} {[%emt 00:00:43]}
29. Nc5 {[%clk 00:40:32]} {[%emt 00:00:43]} Re7 {[%clk 00:55:28]} {[%emt
00:00:24]} 30. Re1 {[%clk 00:34:03]} {[%emt 00:06:45]} Rxe1 {[%clk 00:53:59]}
{[%emt 00:01:44]} 31. Kxe1 {[%clk 00:34:12]} {[%emt 00:00:05]} Kc7 {[%clk
00:53:47]} {[%emt 00:00:22]} 32. f4 {[%clk 00:30:44]} {[%emt 00:03:49]} Bf7
{[%clk 00:53:43]} {[%emt 00:00:20]} 33. f5 {[%clk 00:29:24]} {[%emt 00:01:35]}
g6 {[%clk 00:52:08]} {[%emt 00:01:46]} 34. f6 {[%clk 00:28:20]} {[%emt
00:01:22]} b6 {[%clk 00:49:59]} {[%emt 00:02:24]} 35. Na4 {[%clk 00:28:02]}
{[%emt 00:00:33]} bxa5 {[%clk 00:49:31]} {[%emt 00:00:44]} 36. bxa5 {[%clk
00:28:08]} {[%emt 00:00:09]} Kd6 {[%clk 00:49:20]} {[%emt 00:00:24]} 37. Nc5
{[%clk 00:28:08]} {[%emt 00:00:16]} Kc7 {[%clk 00:48:58]} {[%emt 00:00:36]} 38.
Nxa6+ {[%clk 00:28:10]} {[%emt 00:00:15]} Kb7 {[%clk 00:48:56]} {[%emt
00:00:17]} 39. Nc5+ {[%clk 00:28:06]} {[%emt 00:00:18]} Ka7 {[%clk 00:48:49]}
{[%emt 00:00:20]} 40. Kf2 {[%clk 00:28:07]} {[%emt 00:00:15]} Be8 {[%clk
00:48:46]} {[%emt 00:00:15]} 41. Kf3 {[%clk 00:28:15]} {[%emt 00:00:09]} h6
{[%clk 00:48:51]} {[%emt 00:00:11]} 42. Kf4 {[%clk 00:28:22]} {[%emt 00:00:08]}
Kb8 {[%clk 00:48:45]} {[%emt 00:00:21]} 43. Ke5 {[%clk 00:28:26]} {[%emt
00:00:11]} Kc7 {[%clk 00:48:52]} {[%emt 00:00:09]} 44. Ke6 {[%clk 00:28:24]}
{[%emt 00:00:17]} Kd8 {[%clk 00:48:51]} {[%emt 00:00:14]} 45. a6 {[%clk
00:28:34]} {[%emt 00:00:07]} Kc7 {[%clk 00:48:51]} {[%emt 00:00:14]} 46. Ke7
{[%clk 00:28:44]} {[%emt 00:00:05]} Bf7 {[%clk 00:48:48]} {[%emt 00:00:18]} 47.
Kxf7 {[%clk 00:28:55]} {[%emt 00:00:05]} Kb6 {[%clk 00:48:46]} {[%emt
00:00:17]} 48. Ke7 {[%clk 00:28:55]} {[%emt 00:00:14]} g5 {[%clk 00:48:53]}
{[%emt 00:00:08]} 49. f7 {[%clk 00:29:07]} {[%emt 00:00:04]} g4 {[%clk
00:49:02]} {[%emt 00:00:06]} 50. f8=Q {[%clk 00:29:19]} {[%emt 00:00:03]} 1-0

[Event "DEM U8 2025"]
[Site "Willingen GER"]
[Date "2025.06.13"]
[Round "5"]
[White "Gur, Jascha"]
[Black "Keleti, Hugó"]
[Result "0-1"]
[Termination "normal"]
[Board "4"]
[WhiteElo "1086"]
[BlackElo "1379"]
[WhiteClock "00:19:38"]
[BlackClock "00:28:35"]
[PlyCount "132"]
[BlackFideId "533043680"]
[EventCountry "GER"]
[EventRounds "7"]
[EventType "swiss"]
[EventDate "2025.06.10"]

1. e4 {[%clk 01:00:27]} {[%emt 00:22:02]} c6 {[%clk 01:00:26]} {[%emt
00:00:04]} 2. Nf3 {[%clk 01:00:24]} {[%emt 00:00:18]} d5 {[%clk 01:00:35]}
{[%emt 00:00:06]} 3. Nc3 {[%clk 01:00:28]} {[%emt 00:00:11]} dxe4 {[%clk
01:00:42]} {[%emt 00:00:08]} 4. Nxe4 {[%clk 01:00:23]} {[%emt 00:00:20]} Nf6
{[%clk 01:00:51]} {[%emt 00:00:06]} 5. Qe2 {[%clk 01:00:05]} {[%emt 00:00:33]}
e6 {[%clk 00:58:46]} {[%emt 00:02:20]} 6. d3 {[%clk 00:59:16]} {[%emt
00:01:04]} Be7 {[%clk 00:58:17]} {[%emt 00:00:44]} 7. Bf4 {[%clk 00:58:41]}
{[%emt 00:00:40]} O-O {[%clk 00:57:53]} {[%emt 00:00:49]} 8. O-O-O {[%clk
00:57:58]} {[%emt 00:00:58]} a5 {[%clk 00:57:03]} {[%emt 00:01:05]} 9. a4
{[%clk 00:56:58]} {[%emt 00:01:15]} b5 {[%clk 00:56:37]} {[%emt 00:00:41]} 10.
axb5 {[%clk 00:55:59]} {[%emt 00:01:15]} cxb5 {[%clk 00:56:27]} {[%emt
00:00:25]} 11. Nxf6+ {[%clk 00:55:26]} {[%emt 00:00:47]} Bxf6 {[%clk 00:56:25]}
{[%emt 00:00:16]} 12. Qe4 {[%clk 00:54:17]} {[%emt 00:01:07]} Qb6 {[%clk
00:54:38]} {[%emt 00:02:20]} 13. Be3 {[%clk 00:52:27]} {[%emt 00:01:58]} Qa6
{[%clk 00:53:53]} {[%emt 00:01:07]} 14. d4 {[%clk 00:50:56]} {[%emt 00:01:47]}
Bb7 {[%clk 00:53:26]} {[%emt 00:00:42]} 15. Qd3 {[%clk 00:50:05]} {[%emt
00:00:59]} Bc6 {[%clk 00:53:10]} {[%emt 00:00:37]} 16. Ne5 {[%clk 00:49:24]}
{[%emt 00:00:53]} Rd8 {[%clk 00:50:17]} {[%emt 00:03:10]} 17. Nxc6 {[%clk
00:48:29]} {[%emt 00:01:11]} Nxc6 {[%clk 00:50:26]} {[%emt 00:00:07]} 18. Qxb5
{[%clk 00:47:38]} {[%emt 00:01:00]} Qxb5 {[%clk 00:50:26]} {[%emt 00:00:20]}
19. Bxb5 {[%clk 00:47:23]} {[%emt 00:00:30]} Nxd4 {[%clk 00:50:33]} {[%emt
00:00:09]} 20. Bxd4 {[%clk 00:46:26]} {[%emt 00:01:08]} Bxd4 {[%clk 00:50:18]}
{[%emt 00:00:32]} 21. f3 {[%clk 00:45:52]} {[%emt 00:00:49]} Rab8 {[%clk
00:50:12]} {[%emt 00:00:23]} 22. c4 {[%clk 00:45:07]} {[%emt 00:00:56]} Rdc8
{[%clk 00:47:41]} {[%emt 00:02:50]} 23. Rxd4 {[%clk 00:43:35]} {[%emt
00:01:47]} Rxb5 {[%clk 00:47:35]} {[%emt 00:00:21]} 24. Rhd1 {[%clk 00:43:19]}
{[%emt 00:00:24]} Rbb8 {[%clk 00:47:29]} {[%emt 00:00:27]} 25. c5 {[%clk
00:42:36]} {[%emt 00:00:48]} Rxc5+ {[%clk 00:47:04]} {[%emt 00:00:50]} 26. Kb1
{[%clk 00:42:09]} {[%emt 00:00:38]} h6 {[%clk 00:47:08]} 27. Rd8+ {[%clk
00:41:32]} {[%emt 00:01:07]} Rxd8 {[%clk 00:47:19]} 28. Rxd8+ {[%clk 00:41:12]}
{[%emt 00:00:39]} Kh7 {[%emt 00:00:57]} 29. Rd2 {[%clk 00:40:16]} {[%emt
00:00:13]} Kg6 {[%clk 00:47:29]} {[%emt 00:00:21]} 30. Rc2 {[%clk 00:40:01]}
{[%emt 00:00:29]} Rb5 {[%clk 00:46:47]} {[%emt 00:00:58]} 31. Rc4 {[%clk
00:39:43]} {[%emt 00:00:28]} h5 {[%clk 00:46:30]} {[%emt 00:00:36]} 32. Kc2
{[%clk 00:37:35]} {[%emt 00:02:08]} Rg5 {[%clk 00:46:23]} {[%emt 00:00:38]} 33.
g3 {[%clk 00:36:51]} {[%emt 00:00:51]} Rf5 {[%clk 00:45:40]} {[%emt 00:01:06]}
34. f4 {[%clk 00:36:46]} {[%emt 00:00:16]} Rb5 {[%clk 00:44:15]} {[%emt
00:01:44]} 35. Kc3 {[%clk 00:33:13]} {[%emt 00:03:48]} Rd5 {[%clk 00:42:36]}
{[%emt 00:01:54]} 36. Rd4 {[%clk 00:32:37]} {[%emt 00:00:49]} Rb5 {[%clk
00:41:45]} {[%emt 00:01:09]} 37. Rc4 {[%clk 00:31:57]} {[%emt 00:00:53]} Kf5
{[%clk 00:41:26]} {[%emt 00:00:35]} 38. Rc7 {[%clk 00:31:42]} {[%emt 00:00:30]}
Kf6 {[%clk 00:40:43]} {[%emt 00:00:57]} 39. Rc4 {[%clk 00:31:33]} {[%emt
00:00:25]} g5 {[%clk 00:40:01]} {[%emt 00:02:01]} 40. Kc2 {[%clk 00:29:55]}
{[%emt 00:01:54]} g4 {[%clk 00:38:43]} {[%emt 00:01:32]} 41. Rc7 {[%clk
00:29:09]} {[%emt 00:01:01]} e5 {[%clk 00:37:22]} {[%emt 00:01:36]} 42. fxe5+
{[%clk 00:27:53]} {[%emt 00:01:31]} Rxe5 {[%clk 00:36:36]} {[%emt 00:01:01]}
43. Kd3 {[%clk 00:26:27]} {[%emt 00:01:36]} Rf5 {[%clk 00:35:55]} {[%emt
00:01:00]} 44. Ke3 {[%clk 00:25:06]} {[%emt 00:01:36]} Rb5 {[%clk 00:35:30]}
{[%emt 00:00:40]} 45. Rc2 {[%clk 00:24:53]} {[%emt 00:00:25]} a4 {[%clk
00:35:19]} {[%emt 00:00:30]} 46. Kd4 {[%clk 00:24:33]} {[%emt 00:00:23]} Rb6
{[%clk 00:34:06]} {[%emt 00:01:40]} 47. Kd5 {[%clk 00:23:35]} {[%emt 00:01:03]}
Kg7 {[%clk 00:34:04]} {[%emt 00:00:26]} 48. Ke5 {[%clk 00:23:27]} {[%emt
00:00:18]} Ra6 {[%clk 00:33:49]} {[%emt 00:00:35]} 49. Kf4 {[%clk 00:23:08]}
{[%emt 00:00:30]} a3 {[%clk 00:33:55]} {[%emt 00:00:13]} 50. bxa3 {[%clk
00:22:45]} {[%emt 00:00:38]} Rxa3 {[%clk 00:34:01]} {[%emt 00:00:10]} 51. Rc5
{[%clk 00:21:52]} {[%emt 00:01:07]} Kg6 {[%clk 00:32:39]} {[%emt 00:01:37]} 52.
Rc2 {[%clk 00:21:38]} {[%emt 00:00:30]} Rf3+ {[%clk 00:31:48]} {[%emt
00:01:05]} 53. Ke5 {[%clk 00:21:29]} {[%emt 00:00:22]} Kg5 {[%clk 00:31:28]}
{[%emt 00:00:38]} 54. Ke4 {[%clk 00:21:14]} {[%emt 00:00:29]} h4 {[%clk
00:30:55]} {[%emt 00:00:48]} 55. gxh4+ {[%clk 00:20:49]} {[%emt 00:00:39]} Kxh4
{[%clk 00:31:02]} 56. Rg2 {[%clk 00:20:15]} {[%emt 00:00:58]} f5+ {[%clk
00:30:02]} 57. Ke5 {[%clk 00:20:19]} {[%emt 00:01:26]} f4 {[%clk 00:29:22]} 58.
Kf5 {[%clk 00:20:20]} {[%emt 00:01:05]} g3 {[%clk 00:29:26]} 59. hxg3+ {[%clk
00:19:44]} {[%emt 00:01:06]} fxg3+ {[%clk 00:29:32]} 60. Ke4 {[%clk 00:19:45]}
{[%emt 00:00:23]} Rf2 {[%clk 00:29:40]} 61. Rg1 {[%clk 00:19:40]} {[%emt
00:00:26]} Kh3 {[%clk 00:29:13]} {[%emt 00:00:44]} 62. Ke3 {[%clk 00:19:43]}
{[%emt 00:00:11]} Kh2 {[%clk 00:29:13]} {[%emt 00:00:15]} 63. Re1 {[%emt
00:01:09]} Kg2 {[%clk 00:28:31]} {[%emt 00:00:12]} 64. Ke4 {[%clk 00:19:20]}
{[%emt 00:00:22]} Rf1 {[%clk 00:28:28]} {[%emt 00:00:26]} 65. Re2+ {[%clk
00:19:33]} {[%emt 00:00:01]} Kh1 {[%clk 00:28:35]} {[%emt 00:00:09]} 66. Re3
{[%clk 00:19:38]} {[%emt 00:00:09]} Kh2 {[%emt 00:01:41]} 0-1